Anathanarayan and Panicker's Textbook of Microbiology For Nurses/ (Record no. 199339)

MARC details
000 -LEADER
fixed length control field 00689nam a22002057a 4500
005 - DATE AND TIME OF LATEST TRANSACTION
control field 20231130145708.0
010 ## - LCCN (DPL NO)
LC control number ENG-138497
020 ## - INTERNATIONAL STANDARD BOOK NUMBER
International Standard Book Number 9789393330000
Terms of availability 635.00
035 ## - SYSTEM CONTROL NUMBER
System control number EN-122029
037 ## - SOURCE OF ACQUISITION
Stock number DBAD/PUB
082 ## - DEWEY DECIMAL CLASSIFICATION NUMBER
Classification number 616.9041
Edition number 3
245 ## - TITLE STATEMENT
Title Anathanarayan and Panicker's Textbook of Microbiology For Nurses/
Statement of responsibility, etc Edited By Sonal Saxena
250 ## - EDITION STATEMENT
Edition statement 3
260 ## - PUBLICATION, DISTRIBUTION, ETC. (IMPRINT)
Place of publication, distribution, etc Hyderabad
Name of publisher, distributor, etc Universities Press
Date of publication, distribution, etc 2024
270 ## - ADDRESS
Address 3-6-747/1/A & 3-6-754/1 Himayatnagar
City Hyderbad
Postal code 500029
300 ## - PHYSICAL DESCRIPTION
Extent 322p.
Other physical details 28cm(pbk)
Dimensions ill.
500 ## - GENERAL NOTE
General note Includes bibliographical references and index
700 ## - ADDED ENTRY--PERSONAL NAME
Dates associated with a name Saxena, Sonal
Personal name Editor
9 (RLIN) 59259
942 ## - ADDED ENTRY ELEMENTS (KOHA)
Source of classification or shelving scheme Dewey Decimal Classification
Item type English Books
Call number suffix ANA
Classification part 616.9041
Edition 3
Holdings
Withdrawn status Lost status Not for loan Collection code Home library Current library Date acquired Source of acquisition Cost, normal purchase price Full call number Barcode Copy number Cost, replacement price Koha item type
      Non-fiction Vinoba Puri Vinoba Puri 30/11/2023 DBAD/PUB 635.00 ANA 616.9041 EN-122029 1 525.00 English Books

© Delhi Public Library
Hit Counter
free hit counter